<?xml version="1.0" encoding="UTF-8"?>
<collection xmlns="http://www.loc.gov/MARC21/slim">
 <record>
  <leader>00648cam a2200193 7i4500</leader>
  <controlfield tag="001">0000008180</controlfield>
  <controlfield tag="005">20061130090000.0</controlfield>
  <datafield tag="010" ind1="#" ind2="#">
   <subfield code="a">95038351</subfield>
  </datafield>
  <datafield tag="020" ind1="0" ind2="0">
   <subfield code="a">9814024406 (pbk.) </subfield>
  </datafield>
  <datafield tag="020" ind1="0" ind2="0">
   <subfield code="a">0135012066 (hardback) </subfield>
  </datafield>
  <datafield tag="035" ind1="0" ind2="0">
   <subfield code="a">0228-23060</subfield>
  </datafield>
  <datafield tag="090" ind1="0" ind2="0">
   <subfield code="a">QA 76.9 </subfield>
   <subfield code="b">M35 G7</subfield>
  </datafield>
  <datafield tag="100" ind1="1" ind2="0">
   <subfield code="a">Grassmann </subfield>
  </datafield>
  <datafield tag="245" ind1="1" ind2="0">
   <subfield code="a">Logic and discrete mathematics : </subfield>
   <subfield code="b">a computer science perspective  </subfield>
   <subfield code="c">Winfried Karl Grassmann, Jean-Paul Tremblay.</subfield>
  </datafield>
  <datafield tag="260" ind1="0" ind2="0">
   <subfield code="a">New Jersey: </subfield>
   <subfield code="b">Prentice Hall, </subfield>
   <subfield code="c">1996.</subfield>
  </datafield>
  <datafield tag="300" ind1="#" ind2="#">
   <subfield code="a">750p.: </subfield>
   <subfield code="b">ill.; </subfield>
   <subfield code="c">25 cm..</subfield>
  </datafield>
  <datafield tag="650" ind1="0" ind2="0">
   <subfield code="a">Computer science -- </subfield>
   <subfield code="x">Mathematics </subfield>
  </datafield>
  <datafield tag="700" ind1="2" ind2="1">
   <subfield code="a">Tremblay, </subfield>
   <subfield code="h">Jean-Paul(</subfield>
   <subfield code="d">1938) </subfield>
  </datafield>
  <datafield tag="999" ind1=" " ind2=" ">
   <subfield code="a">1000400316</subfield>
   <subfield code="b">Book</subfield>
   <subfield code="c">Open Shelf</subfield>
   <subfield code="e">KOLEKSI TERBUKA</subfield>
  </datafield>
 </record>
</collection>
